000 00517nam a22001817a 4500
005 20240730105422.0
008 240730b |||||||| |||| 00| 0 eng d
020 _a9788120329553
082 _a005.43
_bTAN-O
100 _aTanenbuaum, Andrew S.
245 _aOperating Systems design and implementation /
_cAlbert S.Woodhull
260 _aUSA:
_bPHI;
_c2006.
300 _axvii, 4054 p. :
_bill;
_c24 cm.
500 _ainclude index.
650 _aOpreating system
700 _aAlbert S.Woodhull
999 _c36236
_d36236